Catalog

Record Details

Catalog Search



A Christmas memory  Cover Image Large Print Book Large Print Book

A Christmas memory / Richard Paul Evans.

Summary:

"It's 1967, and for young Richard it's a time of heartbreak and turmoil. Over the span of a few months, his brother, Mark, is killed in Vietnam; his father loses his job and moves the family to Utah; and his parents separate. When Richard is run down by bullies at his new school, he meets Mr. Foster, an elderly neighbor who chases off the bullies. Richard becomes fast friends with the man who inspires Richard's love for books and whose dog becomes his closest companion. With Mr. Foster's wisdom and kindness, Richard learns what truly matters: that forgiveness can heal the deepest wounds, and love endures long after the pain of loss subsides"-- Back cover.

Record details

  • ISBN: 9798885783873
  • Physical Description: 231 pages (large print) ; 23 cm
  • Edition: Large print edition.
  • Publisher: Waterville, ME : Thorndike Press, a part of Gale, a Cengage Company, 2022.
Subject: Holidays > Fiction.
Families > Fiction.
Death > Fiction.
Grief > Fiction.
Belief and doubt > Fiction.
Christmas.
Coming of age.
Genre: Christmas fiction.
Bildungsromans.
Historical fiction.
Domestic fiction.

Available copies

  • 1 of 1 copy available at scottsboropl.

Holds

  • 0 current holds with 1 total copy.
Show Only Available Copies
Location Call Number / Copy Notes Barcode Shelving Location Status Due Date
scottsboropl F Eva 32269001230989 Adult - Fiction Available -

LDR 02709cam a2200553 i 4500
001159742
003SBPL
00520230105124544.0
008220727t20222022meu ed 000 1 eng d
007tb
020 . ‡a9798885783873 ‡q(large print ; ‡qhardcover)
035 . ‡a(OCoLC)1350283088 ‡z(OCoLC)1351586898
050 4. ‡aPS3555.V259 ‡bC47 2022b
08204. ‡a813/.54 ‡223
1001 . ‡aEvans, Richard Paul, ‡eauthor.
24512. ‡aA Christmas memory / ‡cRichard Paul Evans.
250 . ‡aLarge print edition.
264 1. ‡aWaterville, ME : ‡bThorndike Press, a part of Gale, a Cengage Company, ‡c2022.
300 . ‡a231 pages (large print) ; ‡c23 cm
336 . ‡atext ‡btxt ‡2rdacontent
337 . ‡aunmediated ‡bn ‡2rdamedia
338 . ‡avolume ‡bnc ‡2rdacarrier
340 . ‡nlarge print (16 point) ‡2rdafs
520 . ‡a"It's 1967, and for young Richard it's a time of heartbreak and turmoil. Over the span of a few months, his brother, Mark, is killed in Vietnam; his father loses his job and moves the family to Utah; and his parents separate. When Richard is run down by bullies at his new school, he meets Mr. Foster, an elderly neighbor who chases off the bullies. Richard becomes fast friends with the man who inspires Richard's love for books and whose dog becomes his closest companion. With Mr. Foster's wisdom and kindness, Richard learns what truly matters: that forgiveness can heal the deepest wounds, and love endures long after the pain of loss subsides"-- ‡cBack cover.
650 0. ‡aHolidays ‡vFiction.
650 0. ‡aFamilies ‡vFiction.
650 0. ‡aDeath ‡vFiction.
650 0. ‡aGrief ‡vFiction.
650 0. ‡aBelief and doubt ‡vFiction.
650 7. ‡aChristmas.
650 7. ‡aComing of age.
655 7. ‡aChristmas fiction. ‡2lcgft
655 7. ‡aBildungsromans. ‡2lcgft
655 7. ‡aHistorical fiction. ‡2lcgft
655 7. ‡aDomestic fiction. ‡2lcgft
901 . ‡a159742 ‡bAUTOGEN ‡c159742 ‡tbiblio

Additional Resources